000
00272nam a22001217a 4500
041
_a
ENG
100
_a
Ayres.C.E
245
_a
Land Drainage and Reclamation
260
_a
New York
_b
McGraw Hill
_c
1939
300
_a
496
650
_a
IDE ( 05 )
856
_u
IDE ( 05 )
999
_c
2789
_d
2789